00282nam a2200121Ia 4500008004100000082001600041100001700057245002500074250000800099260003700107300000800144650000800152191201s2007 xx 000 0 und d a658.15bJAM aJain, Sudhir 0aManagirial Economics a2nd aN.DelhibPearson Educationc2007 a622 aMBA